000
00253nam a22000977a 4500
999
_c
11630
_d
11630
008
190921b ||||| |||| 00| 0 eng d
020
_a
9789388788762
100
_a
Goyal
_9
7333
245
_a
Score Well Science- IX
260
_a
New Delhi
_b
Goyal Brothers
_c
2019